The code of civil procedure : (Record no. 104230)

MARC details
000 -LEADER
fixed length control field 00801nam a22002057a 4500
005 - DATE AND TIME OF LATEST TRANSACTION
control field 20161206100030.0
010 ## - LCCN (DPL NO)
LC control number ENG-116299
020 ## - INTERNATIONAL STANDARD BOOK NUMBER
International Standard Book Number 9789350357521
Terms of availability 1495.00
035 ## - SYSTEM CONTROL NUMBER
System control number EN-99831
037 ## - SOURCE OF ACQUISITION
Source of stock number/acquisition DBAD/PUB
082 ## - DEWEY DECIMAL CLASSIFICATION NUMBER
Classification number 347.540502468
100 ## - MAIN ENTRY--PERSONAL NAME
Personal name Jain, M.P.
245 ## - TITLE STATEMENT
Title The code of civil procedure :
Statement of responsibility, etc by M.P.Jain
Remainder of title incorporating the commercial courts, commercial division and Commercial Appellate Division of High Courts Act 2015 as applicable to commercial disputes /
250 ## - EDITION STATEMENT
Edition statement 4th. ed by Medha Kolhatkar
260 ## - PUBLICATION, DISTRIBUTION, ETC. (IMPRINT)
Place of publication, distribution, etc Gurgaon
Name of publisher, distributor, etc LexisNexis
Date of publication, distribution, etc 2016
270 ## - ADDRESS
Address 14th Floor, Building No.10, Tower-B, DLF Cyber City, Phase-II
City Gurgaon (Haryana)
Postal code 122002
300 ## - PHYSICAL DESCRIPTION
Extent cxIviii,1937p.
Dimensions 24cm(Hb)
500 ## - GENERAL NOTE
General note Includes index
942 ## - ADDED ENTRY ELEMENTS (KOHA)
Source of classification or shelving scheme Dewey Decimal Classification
Item type English Books
Call number suffix JAI
Classification part 347.540502468
Holdings
Withdrawn status Lost status Not for loan Collection code Home library Current library Date acquired Source of acquisition Cost, normal purchase price Full call number Barcode Copy number Cost, replacement price Koha item type
    Not For Loan Non-fiction D.B.Act.Division Bawana 25/10/2016 DBAD/PUB 1495.00 347.540502468 JAI EN-99831 1 1495.00 English Books

© Delhi Public Library
Hit Counter
free hit counter